00554nam a22001697a 450000500170000001000150001702000260003203500140005803700130007208200150008510000160010024501090011626000380022527000560026330000310031950000340035020170321164931.0 aENG-117560 a9789386296788c325.00 aEN-101092 bDBAD/PUB a346.540434 aGautam Bhan aIn the public's interest:bevictions, citizenship and inequality in contemporary Delhi /cby Gautam Bhan aHyderabadbOrient BlackSwanc2017 a3-6-752 HimayatnagarbHyderabad (Telangana)e500029 axiv,290p. :c22cm(Hb)bill aIncludes references and index